Translation and Web localization

Guardat en:
Dades bibliogràfiques
Autor principal: Jiménez-Crespo, Miguel A (Autor)
Format: Llibre
Idioma:anglès
Publicat: Londres Routledge 2013
Edició:1a. ed
Matèries:
Etiquetes: Afegir etiqueta
Sense etiquetes, Sigues el primer a etiquetar aquest registre!

MARC

LEADER 00000cam a2200000 a 4500
001 UCE9550
003 CL-VaPUC
008 151029e20130000uk |||||||||||||||||eng|d
020 |a 9780415643184 
082 0 4 |a 418.02  |b JIM  |2 21 
100 0 |a Jiménez-Crespo, Miguel A  |e author  |9 582414 
245 1 0 |a Translation and Web localization 
250 |a 1a. ed 
300 |a 233 p 
942 |c BK 
945 |d 20151029 22:28:00  |a dcastane 
260 |a Londres  |b Routledge  |c 2013 
650 0 |a Lingüística aplicada   |9 313266 
650 0 |a Traducción   |9 357261 
650 0 |a Enseñanza del inglés  |9 367340 
583 |a last modification  |c 20151029 22:28:00  |k Rodrigo Vera 
999 |c 361214  |d 361212 
952 |0 0  |1 0  |3 erb  |4 0  |6 418_020000000000000_JIM_2013  |7 0  |8 A  |9 471604  |a BIBEDU  |b BIBEDU  |i 524563K  |l 1  |o 418.02 JIM 2013  |p 524563K  |r 2022-08-22  |s 2022-08-17  |w 2019-11-24  |y BK  |z Catalogado en:20151029  |k LIT